| 000 | 00457nam a2200181 a 4500 | ||
|---|---|---|---|
| 001 | 1766310660145 | ||
| 003 | YourLibrary | ||
| 005 | 20251222104446.0 | ||
| 008 | 251221s2009##################000#0#eng## | ||
| 020 | _a9781870252553 | ||
| 082 | 0 | 4 |
_a264.021 _bWIL |
| 100 | 1 |
_aWilson, William, _eauthor. |
|
| 245 | 1 | 0 | _aThe Calendar of St. Willibrord : |
| 260 | _c2009. | ||
| 650 | 0 | _aReligion. | |
| 942 | _cENGLISH | ||
| 040 |
_aYourLibrary _beng _cYourLibrary |
||
| 999 |
_c603517 _d603517 |
||